[Event "KONIK MORSKI REWALA 2013-B"]
[Site "Rewal"]
[Date "2013.08.20"]
[Round "1.1"]
[White "Mulenko, Alexander"]
[Black "Kosakowski, Jakub"]
[Result "0-1"]
[WhiteElo "2098"]
[BlackElo "1846"]
[PlyCount "64"]
[EventDate "2013.??.??"]

1. Nf3 Nf6 2. g3 d5 3. Bg2 g6 4. O-O Bg7 5. d4 O-O 6. c4 c6 7. b3 Bf5 8. Bb2
Nbd7 9. Nc3 Ne4 10. Rc1 Nxc3 11. Bxc3 Nf6 12. Ne5 Ne4 13. Bb2 Qa5 14. a3 Rfd8
15. b4 Qb6 16. f3 Bxe5 17. fxe4 dxe4 18. c5 Qc7 19. e3 Bf6 20. g4 Be6 21. Bxe4
a5 22. bxa5 Rxa5 23. Qf3 Rb5 24. Rc2 Rb3 25. Qe2 Bg5 26. Rc3 Bxg4 27. Qf2 Be6
28. Rxb3 Bxb3 29. d5 f5 30. Bxf5 gxf5 31. Qxf5 Bxe3+ 32. Kg2 Bxd5+ 0-1

[Event "KONIK MORSKI REWALA 2013-B"]
[Site "Rewal"]
[Date "2013.08.20"]
[Round "1.2"]
[White "Suliborski, Artur"]
[Black "Sroka, Janusz"]
[Result "1-0"]
[WhiteElo "1817"]
[BlackElo "2095"]
[PlyCount "65"]
[EventDate "2013.??.??"]

1. d4 d6 2. Nf3 Nf6 3. c4 g6 4. Nc3 Bg7 5. e4 O-O 6. Be2 Na6 7. O-O e5 8. Re1
exd4 9. Nxd4 Nc5 10. Bf1 Re8 11. f3 a5 12. Be3 c6 13. Nc2 Qe7 14. Qd2 Be6 15.
Rad1 Rad8 16. Bf4 Bf8 17. Bg5 Bg7 18. Bf4 Bf8 19. Bg5 Bc8 20. Nd5 cxd5 21. exd5
Be6 22. Nd4 Bg7 23. Qf4 h6 24. Bxh6 Nh5 25. Qd2 Bxh6 26. Qxh6 Qf6 27. dxe6 fxe6
28. Nb5 e5 29. Qd2 b6 30. Qd5+ Kg7 31. g3 Rf8 32. Bg2 Qf5 33. g4 1-0

[Event "KONIK MORSKI REWALA 2013-B"]
[Site "Rewal"]
[Date "2013.08.20"]
[Round "1.3"]
[White "Czarnecki, Wojciech"]
[Black "Zarnowski, Krzysztof"]
[Result "0-1"]
[WhiteElo "2089"]
[BlackElo "1817"]
[PlyCount "78"]
[EventDate "2013.??.??"]

1. Nf3 d5 2. g3 Nf6 3. Bg2 e6 4. O-O Be7 5. c4 O-O 6. d4 Nbd7 7. Qc2 c6 8. a3
a5 9. Bf4 Nh5 10. Bd2 Nhf6 11. Bc3 b6 12. Nbd2 Bb7 13. Ne5 Nxe5 14. dxe5 Nd7
15. cxd5 cxd5 16. b4 Ba6 17. Rfe1 Qc7 18. Qb2 Rac8 19. Rac1 Bxe2 20. bxa5 bxa5
21. Rxe2 d4 22. Ne4 dxc3 23. Nxc3 Nxe5 24. Na2 Nc4 25. Qb3 Qb6 26. Qd3 Rfd8 27.
Rxc4 Rxd3 28. Rxc8+ Rd8 29. Rxd8+ Qxd8 30. a4 Qd1+ 31. Bf1 Qxa4 32. Rb2 g6 33.
Nc1 Qd4 34. Rc2 a4 35. h4 h5 36. Rc4 Qd2 37. Nd3 a3 38. Rc8+ Kg7 39. Ra8 a2 0-1

[Event "KONIK MORSKI REWALA 2013-B"]
[Site "Rewal"]
[Date "2013.08.20"]
[Round "1.4"]
[White "Raszkiewicz, Agnieszka"]
[Black "Grabowski, Adam"]
[Result "0-1"]
[WhiteElo "1811"]
[BlackElo "2086"]
[PlyCount "110"]
[EventDate "2013.??.??"]

1. e4 c6 2. c4 g6 3. Nc3 Bg7 4. d4 d6 5. g3 Nf6 6. Bg2 O-O 7. Nge2 Nbd7 8. O-O
Qc7 9. Bg5 a6 10. Qc1 e5 11. d5 c5 12. Bh6 Ne8 13. Bxg7 Nxg7 14. f4 exf4 15.
Nxf4 Ne5 16. b3 Bd7 17. Qd2 b5 18. Nd3 Rae8 19. Ne2 f5 20. exf5 Nxd3 21. Qxd3
Bxf5 22. Qd2 Qe7 23. Rae1 Qe3+ 24. Qxe3 Rxe3 25. Nf4 Rfe8 26. Kf2 Rxe1 27. Rxe1
Rxe1 28. Kxe1 bxc4 29. bxc4 g5 30. Nh3 Bd3 31. Bf1 Bxf1 32. Kxf1 h6 33. Ke2 Kf7
34. Kd3 Kf6 35. Ke4 Nf5 36. Nf2 Nd4 37. Ng4+ Kg6 38. Ne3 Ne2 39. a3 Nd4 40. g4
Kf6 41. Nd1 Nb3 42. Nf2 Nd2+ 43. Kd3 Nf3 44. h3 Ke5 45. Ke3 Ne1 46. a4 Ng2+ 47.
Kf3 Nf4 48. h4 gxh4 49. Ne4 Nd3 50. g5 hxg5 51. Nxg5 Kd4 52. Nf7 Ne5+ 53. Nxe5
Kxe5 54. Kg4 Kd4 55. Kxh4 Kxc4 0-1

[Event "KONIK MORSKI REWALA 2013-B"]
[Site "Rewal"]
[Date "2013.08.20"]
[Round "1.5"]
[White "Poswiatowski, Michal"]
[Black "Buraczewski, Rafal"]
[Result "1/2-1/2"]
[WhiteElo "2085"]
[BlackElo "1803"]
[PlyCount "173"]
[EventDate "2013.??.??"]

1. c4 g6 2. e4 Bg7 3. d4 c5 4. Nf3 Qb6 5. Nc3 cxd4 6. Nd5 Qd8 7. Nxd4 Nf6 8.
Nxf6+ Bxf6 9. Be2 Nc6 10. Nf3 d6 11. O-O O-O 12. Bh6 Re8 13. Qb3 Be6 14. Rac1
Qb6 15. Qc2 Qxb2 16. Qxb2 Bxb2 17. Rb1 Bd4 18. Nxd4 Nxd4 19. Bd3 Rab8 20. Be3
Nc6 21. f4 f6 22. c5 dxc5 23. Bb5 a6 24. Bxc6 bxc6 25. a3 c4 26. Ba7 Rb3 27.
Bc5 Kf7 28. Rbc1 Rb5 29. Bb4 c5 30. Bc3 Rb3 31. a4 Rd8 32. Rf3 Bg4 33. Re3 Rd1+
34. Rxd1 Bxd1 35. a5 Bc2 36. Bd2 Bd3 37. Kf2 c3 38. Rxd3 cxd2 39. Rxd2 Ra3 40.
Rd8 Rxa5 41. Rh8 h5 42. Rh7+ Ke6 43. Rg7 c4 44. Rxg6 c3 45. Ke2 Rc5 46. Kd1 Rc4
47. Rh6 Rxe4 48. g3 c2+ 49. Kc1 Re1+ 50. Kxc2 Re2+ 51. Kd3 Rxh2 52. Ke4 a5 53.
Rh8 Rh3 54. f5+ Kd7 55. Kf4 a4 56. Ra8 h4 57. Rxa4 Rxg3 58. Ra8 Rb3 59. Ra7+
Kd6 60. Ra6+ Kc7 61. Ra7+ Rb7 62. Ra4 Kc6 63. Kg4 Kc5 64. Ra5+ Rb5 65. Ra6 Rb4+
66. Kf3 Rb6 67. Ra5+ Kd6 68. Ra3 Rb4 69. Rd3+ Ke5 70. Re3+ Kxf5 71. Rxe7 Rb3+
72. Kg2 Kf4 73. Rc7 Re3 74. Rc4+ Re4 75. Rc6 f5 76. Rc8 Re3 77. Rc4+ Kg5 78.
Kf2 Rb3 79. Rc8 Kg4 80. Kg2 Rb2+ 81. Kf1 f4 82. Rg8+ Kf3 83. Kg1 h3 84. Rh8 h2+
85. Kh1 Rf2 86. Rh3+ Ke4 87. Re3+ 1/2-1/2

[Event "KONIK MORSKI REWALA 2013-B"]
[Site "Rewal"]
[Date "2013.08.20"]
[Round "1.6"]
[White "Matzkowiak, Roman"]
[Black "Koziej, Maciej"]
[Result "1/2-1/2"]
[WhiteElo "1802"]
[BlackElo "2063"]
[PlyCount "138"]
[EventDate "2013.??.??"]

1. c4 Nf6 2. g3 g6 3. d4 Bg7 4. Bg2 d5 5. cxd5 Nxd5 6. Nc3 Nb6 7. Nf3 Nc6 8. e3
O-O 9. O-O Re8 10. a4 a5 11. b3 e5 12. dxe5 Nxe5 13. Nxe5 Bxe5 14. Bb2 Qxd1 15.
Nxd1 c6 16. Bxe5 Rxe5 17. Rb1 Bf5 18. Rb2 Rd8 19. Re1 Rc5 20. e4 Rc1 21. exf5
Rdxd1 22. Rxd1 Rxd1+ 23. Bf1 gxf5 24. Kg2 Rd4 25. Re2 Nd5 26. Re5 f4 27. Bc4
fxg3 28. hxg3 Kg7 29. Re8 Nb6 30. Be2 Rb4 31. Bd1 Nd7 32. Re3 Nc5 33. g4 Ne6
34. f3 Kf6 35. Kg3 h6 36. Rc3 Ke5 37. Rd3 Rd4 38. Re3+ Kd6 39. Be2 Nf4 40. Bc4
Nd5 41. Re8 Kc5 42. Rb8 b6 43. Rh8 b5 44. axb5 cxb5 45. Bf1 a4 46. bxa4 bxa4
47. Rxh6 Nb4 48. Rh5+ Rd5 49. Rh8 a3 50. Rc8+ Kb6 51. Rb8+ Ka5 52. Bc4 Rd4 53.
Ra8+ Kb6 54. Bxf7 Na6 55. Re8 Ra4 56. Re1 a2 57. Ra1 Nb4 58. g5 Ra6 59. g6 Nc6
60. Bd5 Kc5 61. Bxc6 Kxc6 62. Kg4 Kd5 63. Kg5 Ke6 64. Kh6 Kf6 65. g7 Ra4 66.
Kh7 Ra7 67. Kh6 Rxg7 68. Rxa2 Rg3 69. Ra6+ Kf5 1/2-1/2

[Event "KONIK MORSKI REWALA 2013-B"]
[Site "Rewal"]
[Date "2013.08.20"]
[Round "1.7"]
[White "Stankiewicz, Pawel"]
[Black "Miczek, Szczepan"]
[Result "1-0"]
[WhiteElo "2058"]
[BlackElo "1797"]
[PlyCount "113"]
[EventDate "2013.??.??"]

1. e4 c6 2. d4 d5 3. e5 Bf5 4. Nd2 e6 5. Nb3 Nd7 6. Nf3 Bg6 7. Be2 a6 8. Bd2 c5
9. dxc5 Nxc5 10. Nxc5 Bxc5 11. O-O Ne7 12. c3 O-O 13. a4 Nc6 14. b4 Be7 15. b5
Na5 16. Nd4 Qc7 17. f4 Nc4 18. g4 Be4 19. Bf3 Bxf3 20. Rxf3 axb5 21. Nxb5 Qb6+
22. Kg2 Rac8 23. Qe2 f5 24. exf6 Bxf6 25. g5 Bd8 26. Re1 Bc7 27. Qd3 Nb2 28.
Qc2 Nc4 29. Qd3 Nb2 30. Qe2 Nxa4 31. Qxe6+ Qxe6 32. Rxe6 Nc5 33. Nxc7 Rxc7 34.
Rd6 Rd7 35. Rxd7 Nxd7 36. Rd3 Nb6 37. Kf3 Rd8 38. f5 Kf7 39. Kf4 Nc4 40. Bc1
Ke7 41. Rh3 Rh8 42. Be3 Nxe3 43. Rxe3+ Kd6 44. Re6+ Kd7 45. Ke5 Rc8 46. Rb6 Kc7
47. Rd6 Kb8 48. f6 gxf6+ 49. gxf6 Re8+ 50. Kxd5 Kc7 51. f7 Rf8 52. Rf6 Kd7 53.
c4 Ke7 54. Rf4 Kd7 55. Ke5 Ke7 56. c5 Kd7 57. Kf6 1-0

[Event "KONIK MORSKI REWALA 2013-B"]
[Site "Rewal"]
[Date "2013.08.20"]
[Round "1.8"]
[White "Prominski, Piotr"]
[Black "Markiewicz, Mateusz"]
[Result "1/2-1/2"]
[WhiteElo "1796"]
[BlackElo "2029"]
[PlyCount "70"]
[EventDate "2013.??.??"]

1. e4 c5 2. Nf3 Nf6 3. Nc3 d5 4. exd5 Nxd5 5. Bb5+ Bd7 6. Bxd7+ Qxd7 7. Nxd5
Qxd5 8. d4 e6 9. O-O Nc6 10. Be3 c4 11. Bf4 Bd6 12. Bxd6 Qxd6 13. c3 O-O 14.
Re1 b5 15. Qe2 Rfc8 16. Ne5 Ne7 17. Qe4 Nd5 18. g3 Rab8 19. a3 a5 20. Qf3 Rc7
21. Qe2 f6 22. Ng4 b4 23. cxb4 axb4 24. Rac1 bxa3 25. bxa3 Rb3 26. Qd2 Qxa3 27.
Rxe6 Rc3 28. Rxc3 Qxc3 29. Re8+ Kf7 30. Qe2 Qxd4 31. Qe6+ Kg6 32. Rd8 Qd1+ 33.
Kg2 Rc5 34. Ne5+ Kh6 35. Nf7+ Kg6 1/2-1/2

[Event "KONIK MORSKI REWALA 2013-B"]
[Site "Rewal"]
[Date "2013.08.20"]
[Round "1.11"]
[White "Skomial, Mateusz"]
[Black "Niedbal, Piotr"]
[Result "1/2-1/2"]
[WhiteElo "2014"]
[BlackElo "1773"]
[PlyCount "84"]
[EventDate "2013.??.??"]

1. e4 c5 2. Nf3 Nc6 3. c4 g6 4. Nc3 Bg7 5. Be2 e6 6. d3 Nge7 7. Be3 b6 8. O-O
O-O 9. d4 cxd4 10. Nxd4 Bb7 11. Ndb5 Nc8 12. Rc1 d6 13. Qd2 a6 14. Nd4 N6e7 15.
Bh6 d5 16. Bxg7 Kxg7 17. cxd5 exd5 18. Rfd1 Qd6 19. Bf3 dxe4 20. Nxe4 Qe5 21.
Qc3 Kg8 22. Qc7 Qxc7 23. Rxc7 Bxe4 24. Bxe4 Ra7 25. Rxa7 Nxa7 26. Nf3 Nac6 27.
Kf1 Rd8 28. Rc1 Nd4 29. Rc7 Nxf3 30. Bxf3 Kf8 31. Rb7 Rd6 32. g4 b5 33. Ra7 Rd2
34. Rxa6 Rxb2 35. a3 b4 36. Ra8+ Kg7 37. axb4 Rxb4 38. Re8 Ng8 39. Rc8 Nf6 40.
h3 h6 41. Rc7 h5 42. gxh5 Nxh5 1/2-1/2

[Event "KONIK MORSKI REWALA 2013-B"]
[Site "Rewal"]
[Date "2013.08.20"]
[Round "1.12"]
[White "Hagner, Pawel"]
[Black "Jedras, Piotr"]
[Result "0-1"]
[WhiteElo "1772"]
[BlackElo "2008"]
[PlyCount "126"]
[EventDate "2013.??.??"]

1. d4 Nf6 2. Nf3 c5 3. dxc5 Qa5+ 4. c3 Qxc5 5. Bf4 d6 6. Qb3 g6 7. e3 Bg7 8.
Nbd2 O-O 9. Be2 Nc6 10. h3 a6 11. a4 Be6 12. Qd1 b5 13. O-O b4 14. Nd4 bxc3 15.
Nxe6 fxe6 16. Nb3 Qb6 17. bxc3 Nd5 18. Bg4 Nxf4 19. exf4 Rxf4 20. Bxe6+ Kh8 21.
Qd5 Raf8 22. a5 Qc7 23. Rac1 Ra4 24. Ra1 Rxa1 25. Rxa1 Nd8 26. Rc1 Nxe6 27.
Qxe6 Be5 28. c4 Rf6 29. Qd5 Kg7 30. c5 e6 31. Qa8 dxc5 32. Rxc5 Qd6 33. Rc1 Qb4
34. Qa7+ Rf7 35. Qe3 Qd6 36. Re1 Rf5 37. g4 Bh2+ 38. Kg2 Re5 39. Qc3 Kf7 40.
Qf3+ Kg8 41. Rc1 Rd5 42. Rc8+ Kg7 43. Qc3+ Be5 44. Qe3 Rb5 45. Qa7+ Kh6 46.
Qe3+ Bf4 47. Qf3 g5 48. Rc3 Rd5 49. Rc4 Rd3 50. Qb7 Rxh3 51. Rd4 Rh2+ 52. Kg1
Qe5 53. Re4 Qf6 54. Qd7 Be5 55. f4 gxf4 56. Kxh2 Qh4+ 57. Kg1 Qg3+ 58. Kf1 Qf3+
59. Kg1 Qxe4 60. Qxe6+ Kg5 61. Qf5+ Qxf5 62. gxf5 Kxf5 63. Nc5 Bd4+ 0-1

[Event "KONIK MORSKI REWALA 2013-B"]
[Site "Rewal"]
[Date "2013.08.20"]
[Round "1.13"]
[White "Nowak, Ryszard"]
[Black "Powalka, Michal"]
[Result "0-1"]
[WhiteElo "2006"]
[BlackElo "1768"]
[PlyCount "54"]
[EventDate "2013.??.??"]

1. c4 Nf6 2. Nc3 g6 3. g3 Bg7 4. Bg2 O-O 5. Nf3 d6 6. O-O e5 7. d4 Nbd7 8. e4
Re8 9. h3 exd4 10. Nxd4 Nc5 11. Re1 c6 12. b3 a5 13. Rb1 a4 14. b4 Ne6 15. Nde2
a3 16. Rb3 h6 17. Rxa3 Rxa3 18. Bxa3 Ng5 19. Nf4 Nd7 20. Re3 Ne5 21. Bf1 h5 22.
b5 Qa5 23. Qb3 Ngf3+ 24. Kg2 Nd2 25. Qb4 Qxb4 26. Bxb4 Nxf1 27. Kxf1 Nxc4 0-1

[Event "KONIK MORSKI REWALA 2013-B"]
[Site "Rewal"]
[Date "2013.08.20"]
[Round "1.14"]
[White "Antolak, Julia"]
[Black "Zurkowski, Andrzej"]
[Result "0-1"]
[WhiteElo "1760"]
[BlackElo "2003"]
[PlyCount "94"]
[EventDate "2013.??.??"]

1. e4 d5 2. exd5 Qxd5 3. Nc3 Qd6 4. d4 Nf6 5. Nf3 a6 6. g3 Bg4 7. Bf4 Qd8 8.
Bg2 Nc6 9. O-O e6 10. Re1 Be7 11. h3 Bf5 12. g4 Bg6 13. Ne5 Nxd4 14. Bxb7 Rb8
15. Nc6 Nxc6 16. Bxc6+ Kf8 17. Qxd8+ Bxd8 18. Rad1 h6 19. Rd2 Kg8 20. Na4 Kh7
21. c3 h5 22. g5 Ng8 23. Nc5 Ne7 24. Bf3 a5 25. a4 Nf5 26. Na6 Nh4 27. Bh1 Rb6
28. Nxc7 e5 29. Bxe5 Bxg5 30. f4 Bh6 31. Nd5 Re6 32. b4 f6 33. Nc7 Re7 34. Nd5
Re6 35. Nc7 Rxe5 36. Rxe5 fxe5 37. bxa5 Bxf4 38. Re2 Bd3 39. Be4+ Bxe4 40. Rxe4
Rc8 41. Rc4 Nf3+ 42. Kf2 Nd2 43. Rc6 e4 44. a6 Bxc7 45. a7 Rf8+ 46. Ke2 Bf4 47.
c4 Ra8 0-1

[Event "KONIK MORSKI REWALA 2013-B"]
[Site "Rewal"]
[Date "2013.08.20"]
[Round "1.15"]
[White "Suliborski, Jakub"]
[Black "Gajzner, Ryszard"]
[Result "1-0"]
[WhiteElo "2002"]
[BlackElo "1755"]
[PlyCount "59"]
[EventDate "2013.??.??"]

1. d4 e6 2. e4 d5 3. Nc3 Nf6 4. Bg5 Bb4 5. e5 h6 6. Bd2 Bxc3 7. bxc3 Ne4 8. Bd3
Nxd2 9. Qxd2 c5 10. f4 Nc6 11. Nf3 Bd7 12. O-O Rc8 13. Rab1 cxd4 14. cxd4 Na5
15. Qb4 b6 16. Nd2 Nc6 17. Qb2 Ne7 18. Rbe1 O-O 19. Re3 f5 20. exf6 Rxf6 21. c3
Nf5 22. Bxf5 exf5 23. Qb3 Be6 24. Rfe1 Bf7 25. Nf3 Kh7 26. Ne5 Bg8 27. Qc2 Rc7
28. g4 Kh8 29. g5 hxg5 30. fxg5 1-0

[Event "KONIK MORSKI REWALA 2013-B"]
[Site "Rewal"]
[Date "2013.08.20"]
[Round "1.16"]
[White "Zhuk, Ivan"]
[Black "Parol, Pawel"]
[Result "0-1"]
[WhiteElo "1752"]
[BlackElo "1988"]
[PlyCount "108"]
[EventDate "2013.??.??"]

1. d4 e6 2. e4 d5 3. e5 c5 4. c3 Qb6 5. Nf3 Nc6 6. Bd3 cxd4 7. cxd4 Bd7 8. Bc2
Nb4 9. O-O Nxc2 10. Qxc2 Rc8 11. Nc3 Ne7 12. Be3 Nc6 13. a3 Na5 14. Nd2 Be7 15.
f4 O-O 16. Rf3 Nc4 17. Nxc4 Rxc4 18. Rh3 g6 19. Qd2 f5 20. Bf2 Rfc8 21. b3 R4c7
22. b4 Rc4 23. Rd3 a5 24. b5 a4 25. Be1 Qd8 26. h3 Kh8 27. g4 Qf8 28. g5 Bxa3
29. Rxa3 Qxa3 30. Nxd5 Qa1 31. Nb6 Rc1 32. Re3 Rd1 33. Qb4 Qc1 34. Kf2 Rxe1 35.
Qxe1 Qb2+ 36. Kf3 Rc1 37. Nxa4 Qc2 38. Rc3 Rxe1 39. Rxc2 Bxb5 40. Rc8+ Kg7 41.
Nc5 Bc4 42. Rc7+ Kg8 43. Nd7 Bd5+ 44. Kf2 Rd1 45. Nf6+ Kf8 46. Nxh7+ Ke8 47.
Nf6+ Kd8 48. Nxd5 exd5 49. Rxb7 Rxd4 50. Ke3 Re4+ 51. Kf3 d4 52. Rb3 Ke7 53. h4
Kf7 54. Ra3 Kg8 0-1

[Event "KONIK MORSKI REWALA 2013-B"]
[Site "Rewal"]
[Date "2013.08.20"]
[Round "1.17"]
[White "Kuciel, Wladyslaw"]
[Black "Kopica, Paulina"]
[Result "1-0"]
[WhiteElo "1978"]
[BlackElo "1750"]
[PlyCount "67"]
[EventDate "2013.??.??"]

1. Nf3 e6 2. d4 f5 3. c4 Nf6 4. g3 b6 5. Bg2 Bb7 6. O-O Be7 7. Nc3 O-O 8. d5
Bb4 9. Nd4 Bxc3 10. bxc3 exd5 11. Nxf5 Ne4 12. cxd5 Nxc3 13. Qd3 Nxe2+ 14. Qxe2
Rxf5 15. Be4 Rf7 16. Bb2 d6 17. Qh5 h6 18. Bf5 Bc8 19. Bh7+ Kf8 20. Rfe1 Bd7
21. Bg6 Re7 22. Re3 Be8 23. Bxe8 Qxe8 24. Bxg7+ Kxg7 25. Qxe8 Rxe8 26. Rxe8 Kf7
27. Rae1 a5 28. a4 h5 29. f4 Kf6 30. Kg2 Kf7 31. Kf3 Kg6 32. g4 hxg4+ 33. Kxg4
Kf6 34. R8e7 1-0

[Event "KONIK MORSKI REWALA 2013-B"]
[Site "Rewal"]
[Date "2013.08.20"]
[Round "1.18"]
[White "Maliszewski, Jacek"]
[Black "Ancuta, Adam"]
[Result "1/2-1/2"]
[WhiteElo "1747"]
[BlackElo "1976"]
[PlyCount "60"]
[EventDate "2013.??.??"]

1. d4 Nf6 2. Nf3 e6 3. e3 d5 4. Bd3 c5 5. c3 c4 6. Bc2 b5 7. O-O Bd6 8. Nbd2
Bb7 9. Qe2 Ne4 10. Nxe4 dxe4 11. Nd2 f5 12. b3 O-O 13. bxc4 bxc4 14. g3 Rf6 15.
Rb1 Ba6 16. f3 exf3 17. Qxf3 Nd7 18. e4 e5 19. exf5 exd4 20. Ne4 d3 21. Nxf6+
Nxf6 22. Ba4 Rb8 23. Be3 Qe7 24. Rxb8+ Bxb8 25. Bd4 Ne4 26. f6 gxf6 27. Bxf6
Nxf6 28. Qxf6 Qe3+ 29. Qf2 Qxf2+ 30. Kxf2 Be5 1/2-1/2

[Event "KONIK MORSKI REWALA 2013-B"]
[Site "Rewal"]
[Date "2013.08.20"]
[Round "1.19"]
[White "Milanowski, Jan"]
[Black "Biszof, Henryk"]
[Result "1-0"]
[WhiteElo "1971"]
[BlackElo "1730"]
[PlyCount "120"]
[EventDate "2013.??.??"]

1. d4 Nf6 2. Nf3 g6 3. c3 Bg7 4. Bf4 d6 5. e3 O-O 6. Be2 Nh5 7. Bg5 Bg4 8. h3
Bd7 9. Bh4 c5 10. Nbd2 cxd4 11. Nxd4 Nf6 12. O-O e5 13. N4b3 d5 14. Nf3 e4 15.
Nfd4 Qb6 16. a4 a5 17. Nb5 Be6 18. Bg3 Ne8 19. N3d4 Nc6 20. Nxe6 fxe6 21. Bg4
Nd8 22. Qb3 Rc8 23. Rad1 Nf6 24. Be2 Nd7 25. Qa3 Ne5 26. Rd2 Nc4 27. Bxc4 Rxc4
28. Nd6 Rc6 29. Rfd1 Nf7 30. Nb5 Rfc8 31. Nd4 Bxd4 32. exd4 Qd8 33. Re2 Nh6 34.
Rf1 Nf5 35. Be5 Qg5 36. f3 e3 37. Qb3 b6 38. Qb5 Qd8 39. Kh2 Qg5 40. Qd3 Rc4
41. Qd1 Qd8 42. g4 Ne7 43. Rxe3 Qe8 44. Bg3 R4c6 45. Qe2 Qd7 46. Re1 Kf7 47.
Re5 Re8 48. Qe3 Ng8 49. Qf4+ Kg7 50. Bh4 Rf8 51. Qe3 Re8 52. Bg3 Kf7 53. h4 Ke7
54. Bf4 Kd8 55. Qd3 Qb7 56. Qb5 Qc8 57. Bg5+ Ne7 58. Kg2 Rf8 59. Rxe6 Rxe6 60.
Qxd5+ Qd7 1-0

[Event "KONIK MORSKI REWALA 2013-B"]
[Site "Rewal"]
[Date "2013.08.20"]
[Round "1.20"]
[White "Burakowska, Gabriela"]
[Black "Jablonska, Sabina"]
[Result "0-1"]
[WhiteElo "1691"]
[BlackElo "1957"]
[PlyCount "104"]
[EventDate "2013.??.??"]

1. d4 d5 2. c4 c6 3. Nc3 Nf6 4. Nf3 a6 5. cxd5 cxd5 6. Bf4 Bf5 7. e3 e6 8. Nh4
Bg4 9. Nf3 b5 10. h3 Bh5 11. g4 Bg6 12. Ne5 Nbd7 13. h4 h6 14. Nxg6 fxg6 15.
Bd3 Qa5 16. Bxg6+ Kd8 17. O-O b4 18. Na4 Rc8 19. b3 Rc6 20. Qf3 Bd6 21. Rac1
Qc7 22. Bxd6 Qxd6 23. Rxc6 Qxc6 24. g5 hxg5 25. hxg5 Ne8 26. Qg3 Nd6 27. Nc5
Nxc5 28. Rc1 Ndb7 29. dxc5 Qc7 30. c6 Na5 31. Bf7 Qxg3+ 32. fxg3 Ke7 33. c7 Rc8
34. Bh5 Kd6 35. Be2 Nc6 36. Bxa6 Rxc7 37. Bb5 Ne5 38. Rxc7 Kxc7 39. Kf2 Kb6 40.
Be2 Kc5 41. Ke1 Nf7 42. g6 Ne5 43. Bh5 Nc6 44. Bg4 Kd6 45. Kd2 Ne7 46. Bh5 Nf5
47. g4 Ng3 48. Kd3 e5 49. Kc2 Kc5 50. Kd2 d4 51. exd4+ Kxd4 52. Ke1 Ke3 0-1

[Event "KONIK MORSKI REWALA 2013-B"]
[Site "Rewal"]
[Date "2013.08.20"]
[Round "1.21"]
[White "Auvinen, Esa"]
[Black "Murawko, Julia"]
[Result "0-1"]
[WhiteElo "1956"]
[BlackElo "1687"]
[PlyCount "60"]
[EventDate "2013.??.??"]

1. e4 d5 2. exd5 Qxd5 3. Nf3 Nf6 4. Nc3 Qa5 5. Be2 Bf5 6. O-O e6 7. d3 c6 8.
Nd4 Bg6 9. Bf4 Nbd7 10. Nb3 Qb6 11. Bf3 Be7 12. Bg3 a5 13. Rb1 O-O 14. Nd2 Qd8
15. Re1 Rc8 16. a4 Nc5 17. b3 Bd6 18. Bxd6 Qxd6 19. Nc4 Qc7 20. Ne5 Rfd8 21.
Nxg6 hxg6 22. Ne2 Nd5 23. c3 e5 24. Qc2 Ne6 25. b4 axb4 26. cxb4 Nf6 27. Nf4
Nxf4 28. Re3 Rd6 29. Rb3 Ne6 30. Qc5 Nxc5 0-1

[Event "KONIK MORSKI REWALA 2013-B"]
[Site "Rewal"]
[Date "2013.08.20"]
[Round "1.22"]
[White "Krzysztofiak, Zdzislaw"]
[Black "Patola, Eero"]
[Result "1/2-1/2"]
[WhiteElo "1685"]
[BlackElo "1947"]
[PlyCount "144"]
[EventDate "2013.??.??"]

1. e4 d5 2. exd5 Qxd5 3. Nc3 Qa5 4. d4 Nf6 5. Bd2 c6 6. Bc4 Bf5 7. Nf3 e6 8.
O-O Be7 9. Re1 O-O 10. Nh4 Bg4 11. f3 Bh5 12. Nd5 Qd8 13. Nxe7+ Qxe7 14. Bg5 h6
15. Nf5 Qd8 16. Bxf6 Qxf6 17. Nd6 Rd8 18. Nxb7 Rxd4 19. Qe2 Rd7 20. Nc5 Qd4+
21. Qe3 Qxc4 22. Nxd7 Nxd7 23. b3 Qb4 24. a3 Qb6 25. Rad1 Nf6 26. c4 Qxe3+ 27.
Rxe3 Kf8 28. Rd6 Rc8 29. Re5 Ke7 30. Rd4 Bg6 31. h3 c5 32. Rd2 Rc6 33. Kf2 Nd7
34. Re3 Rb6 35. g4 Nb8 36. f4 f6 37. f5 Bf7 38. fxe6 Rxe6 39. Red3 Be8 40. Rd5
Re5 41. Rd8 Nc6 42. R8d5 Nd4 43. Rxe5+ fxe5 44. b4 Kd6 45. Ke3 Bf7 46. Kd3 h5
47. gxh5 Bxh5 48. Rg2 Ne6 49. Ke4 Be8 50. Rd2+ Nd4 51. b5 Bf7 52. Kd3 g5 53.
Rg2 Bg6+ 54. Kc3 Nf3 55. h4 e4 56. hxg5 Ke5 57. a4 e3 58. a5 Kf4 59. b6 axb6
60. axb6 Ne5 61. b7 Nd7 62. Rb2 Nb8 63. Rb6 Kxg5 64. Rb5 Kf4 65. Rxc5 Kf3 66.
Re5 Kf2 67. c5 e2 68. Kd2 Bh5 69. Rf5+ Bf3 70. Re5 Nc6 71. Re8 Nb8 72. Re6 Nc6
1/2-1/2

[Event "KONIK MORSKI REWALA 2013-B"]
[Site "Rewal"]
[Date "2013.08.20"]
[Round "1.23"]
[White "Jelen, Janusz"]
[Black "Jaskiewicz, Kamila"]
[Result "0-1"]
[WhiteElo "1931"]
[BlackElo "1676"]
[PlyCount "214"]
[EventDate "2013.??.??"]

1. d4 d5 2. c4 e6 3. Nc3 Nf6 4. f3 b6 5. e4 dxe4 6. fxe4 Bb7 7. Bg5 Be7 8. Qd3
O-O 9. Nf3 h6 10. Bh4 Nc6 11. a3 Re8 12. e5 Nh7 13. Bg3 Ng5 14. Be2 Rb8 15. Rd1
a6 16. O-O Qd7 17. d5 exd5 18. cxd5 Nxf3+ 19. Qxf3 Bc5+ 20. Kh1 Nxe5 21. Qh5
Bd6 22. Ne4 Qe7 23. Bh4 Qf8 24. Qf5 Bc8 25. Qf2 Ng4 26. Bxg4 Bxg4 27. Rde1 Be5
28. h3 Bh5 29. Bg3 Bg6 30. Bxe5 Rxe5 31. Nc3 Rbe8 32. Rd1 Qd6 33. Qd4 Bh5 34.
g4 Bg6 35. Rf3 Re1+ 36. Kg2 Rxd1 37. Qxd1 Be4 38. Nxe4 Rxe4 39. Qd3 Re5 40.
Qxa6 Rxd5 41. Rf2 Qd7 42. Qa8+ Qd8 43. Qc6 Rd2 44. Qf3 Rxf2+ 45. Qxf2 Qd5+ 46.
Kg3 f6 47. h4 h5 48. gxh5 Qxh5 49. Qc2 Qe5+ 50. Kg4 Kf7 51. Kf3 Qd5+ 52. Kg3 c6
53. Qf2 c5 54. Qc2 g6 55. Kg4 f5+ 56. Kg3 Qe5+ 57. Kh3 Qe3+ 58. Kh2 Qf4+ 59.
Kg1 Qg4+ 60. Kf1 Qh3+ 61. Kg1 Qg4+ 62. Kf1 Qf4+ 63. Kg1 Qd4+ 64. Kf1 c4 65. Qa4
Qf4+ 66. Kg1 Qc1+ 67. Kg2 Qxb2+ 68. Kf1 Qc1+ 69. Ke2 Qb2+ 70. Kf1 Qb1+ 71. Kf2
Qb2+ 72. Kf1 Qd4 73. Qa7+ Kf6 74. Qh7 Qf4+ 75. Ke2 Qe4+ 76. Kf2 Qe8 77. Qh6 b5
78. Qg5+ Kg7 79. h5 Qf7 80. hxg6 Qxg6 81. Qe7+ Kh6 82. Qh4+ Kg7 83. Qe7+ Kg8
84. Qd8+ Kf7 85. Qd7+ Kf6 86. Qxb5 Qg4 87. Qc6+ Kg5 88. a4 Qd4+ 89. Kf3 Qd3+
90. Kf2 Qd2+ 91. Kf3 c3 92. Qe8 Qd3+ 93. Kf2 c2 94. Qe7+ Kg4 95. Qg7+ Kf4 96.
Qc7+ Ke4 97. Qe7+ Kd4 98. Qb4+ Kd5 99. Qb7+ Kc4 100. Qb5+ Kc3 101. Qa5+ Kb2
102. Qb6+ Ka2 103. Qe6+ Kb2 104. Qb6+ Ka2 105. Qe6+ Kb2 106. Qb6+ Ka3 107. Qc5+
Ka2 0-1

[Event "KONIK MORSKI REWALA 2013-B"]
[Site "Rewal"]
[Date "2013.08.20"]
[Round "1.24"]
[White "Vakhitov, Dmitri"]
[Black "Kostanski, Marcin"]
[Result "0-1"]
[WhiteElo "1664"]
[BlackElo "1930"]
[PlyCount "132"]
[EventDate "2013.??.??"]

1. d4 Nf6 2. c4 g6 3. Nc3 Bg7 4. g3 d5 5. cxd5 Nxd5 6. Bg2 Nxc3 7. bxc3 O-O 8.
Nf3 c5 9. O-O Nc6 10. e3 Qa5 11. Bb2 Rd8 12. Qc2 Bf5 13. e4 Bg4 14. d5 Ne5 15.
Nxe5 Bxe5 16. f4 Bg7 17. c4 Bxb2 18. Qxb2 Bd7 19. e5 Rab8 20. Qe2 b5 21. e6
fxe6 22. dxe6 Be8 23. f5 Qd2 24. Qxd2 Rxd2 25. f6 exf6 26. Rxf6 bxc4 27. Rc1
Kg7 28. Rf2 Rxf2 29. Kxf2 Rb2+ 30. Kg1 Kf6 31. Rxc4 Kxe6 32. Re4+ Kf7 33. Rf4+
Ke7 34. Re4+ Kd8 35. Rc4 Rb5 36. Rc3 Kc7 37. Re3 Kd7 38. Bh3+ Kd8 39. Rd3+ Ke7
40. Re3+ Kf7 41. Be6+ Kf6 42. Bd5 Bd7 43. Kf2 Rb2+ 44. Kg1 Bf5 45. Rc3 Rb5 46.
Ra3 Ke5 47. Bc4 Rb4 48. Be2 c4 49. Kf2 Kd4 50. g4 Be4 51. Rxa7 c3 52. Rd7+ Bd5
53. Rc7 Bxa2 54. Rd7+ Bd5 55. Rc7 Rb2 56. Ke1 Rb1+ 57. Kf2 Rh1 58. Bf1 Rxh2+
59. Ke1 c2 60. Rc8 Be4 61. Be2 h5 62. gxh5 gxh5 63. Rc7 h4 64. Rc8 h3 65. Rc7
Rxe2+ 66. Kxe2 h2 0-1

[Event "KONIK MORSKI REWALA 2013-B"]
[Site "Rewal"]
[Date "2013.08.20"]
[Round "1.25"]
[White "Kaluzny, Wlodzimierz"]
[Black "Drela, Michal"]
[Result "1-0"]
[WhiteElo "1922"]
[BlackElo "1643"]
[PlyCount "65"]
[EventDate "2013.??.??"]

1. d4 d5 2. Nf3 Nf6 3. c3 c6 4. Bf4 Bf5 5. e3 Nbd7 6. Bd3 Bxd3 7. Qxd3 e6 8.
Nbd2 Nh5 9. Bg3 Nxg3 10. hxg3 Nf6 11. e4 dxe4 12. Nxe4 Nxe4 13. Qxe4 h6 14. O-O
Be7 15. Rfe1 O-O 16. Rad1 Bf6 17. Qc2 Qd5 18. b3 Rad8 19. Ne5 Bxe5 20. Rxe5 Qd6
21. Rde1 Rfe8 22. Qe2 Qa3 23. f4 Rf8 24. g4 Rd5 25. g5 hxg5 26. Rxd5 cxd5 27.
fxg5 Qa5 28. Qd2 Rc8 29. Re3 Qc7 30. Rh3 g6 31. Qf2 f5 32. gxf6 Rf8 33. Qh4 1-0